The Balkans (Record no. 577687)

MARC details
000 -LEADER
fixed length control field 00694nam a2200169Ia 4500
008 - FIXED-LENGTH DATA ELEMENTS--GENERAL INFORMATION
fixed length control field 250728s9999 xx 000 0 und d
020 ## - INTERNATIONAL STANDARD BOOK NUMBER
ISBN 9780312217365
082 ## - DEWEY DECIMAL CLASSIFICATION NUMBER
Classification number 949.6
Item number HUP
100 ## - MAIN ENTRY--AUTHOR NAME
Personal name Hupchick, Dennis P.
245 #4 - TITLE STATEMENT
Title The Balkans
260 ## - PUBLICATION, DISTRIBUTION, ETC. (IMPRINT)
Name of publisher Palgrave Macmillan
Year of publication 2002
300 ## - PHYSICAL DESCRIPTION
Number of Pages 468 pages
500 ## - GENERAL NOTE
General note A definitive guide to this turbulent and complicated region traces the Balkans across fifteen centuries, centering around the three great civilizations of the region--Western European, Orthodox Christian, and Muslim, and detailing the political, social, cultural and religious facets of Balkan history.
650 ## - SUBJECT ADDED ENTRY--TOPICAL TERM
Topical Term History
942 ## - ADDED ENTRY ELEMENTS (KOHA)
Koha item type English Books
Holdings
Withdrawn status Lost status Damaged status Not for loan Home library Current library Shelving location Date acquired Full call number Accession Number Price effective from Koha item type
        Anna Centenary Library Anna Centenary Library 7TH FLOOR, B WING 28.07.2025 949.6 HUP 321403 28.07.2025 English Books

Find us on the map